| 000 | 00688aab a2200301a 44500 | ||
|---|---|---|---|
| 008 | 020702s2001 cat | ||
| 041 | _acat | ||
| 041 | _blat | ||
| 080 | _a634.3(038) | ||
| 245 | _aLes Illes a la taula: la taronja | ||
| 260 | _c2001 | ||
| 300 |
_ap. 101-108 _bil. |
||
| 520 | _a18 | ||
| 546 | _acatalà | ||
| 591 | _a7565 | ||
| 592 | _aObra terminològica | ||
| 593 | _aKRB | ||
| 594 | _a7565 | ||
| 650 |
_afruita _962798 |
||
| 650 |
_ataronja _970843 |
||
| 773 | _g(<2001>) | ||
| 773 | _tDiari de Balears | ||
| 901 | _c(<2001>) | ||
| 902 | _a020702 | ||
| 942 |
_cAS _n0 |
||
| 999 |
_c61347 _d61347 |
||